Longest charting albums on Billboard(female) - Statistics

General Stats
  • This quiz has been taken 25 times
  • The average score is 15 of 20
Answer Stats
Wks Album Artist % Correct
222 19 Adele
100%
497* 1989 Taylor Swift
100%
605 21 Adele
100%
223 25 Adele
95%
541* Born To Die Lana Del Rey
95%
261 Fearless Taylor Swift
95%
300* reputation Taylor Swift
95%
425* Anti Rihanna
90%
378* Teenage dream Katy Perry
90%
284 Taylor Swift Taylor Swift
85%
370* The Fame Lady Gaga
85%
273* When We All Fall Asleep, Where Do We Go? Billie Eilish
85%
367* Ctrl SZA
80%
218* Future Nostalgia Dua Lipa
80%
252* Lover Taylor Swift
80%
222 Invasion of Privacy Cardi B
70%
253 dont smile at me Billie Eilish
65%
318 Tapestry Carole King
35%
246* Over It Summer Walker
20%
238 Shepherd Moons Enya
0%
No matching quizzes found
Score Distribution
Percent of People with Each Score
Percentile by Number Answered
Your Score History
You have not taken this quiz